[Event "73rd RUS-ch Higher League 2020"]
[Site "Sochi"]
[Date "2020.10.09"]
[Round "2.2"]
[White "Rakhmanov, Aleksandr"]
[Black "Yuffa, Daniil"]
[Result "1-0"]
[WhiteElo "2646"]
[BlackElo "2583"]
[Annotator "TA"]
[PlyCount "53"]
[EventDate "2020.10.08"]
[EventType "swiss"]
[EventCountry "RUS"]
[SourceTitle "playchess.com"]
[Source "ChessBase"]
[SourceQuality "1"]

{[%evp 13,53,-15,0,-18,-13,-12,-15,-10,24,14,39,17,30,33,89,58,97,100,93,93,225,217,227,222,228,227,218,214,208,179,378,373,407,436,420,413,364,353,338,349,337,332]} 1. Nf3 d5 2. d4 Nf6 3. e3 c5 4. c3 Nbd7 5. Nbd2 g6 6. Bd3 Bg7 7. O-O O-O 8. h3 {D04: Colle System.} Qc7 9. Re1 Rd8 10. Qe2 {The position is equal.} b6 11. e4 $1 dxe4 12. Nxe4 Bb7 {[#]} 13. Neg5 $5 $146 {[%mdl 8] Strongly threatening Bc4. White has good play. An interesting novelty.} ({Predecessor:} 13. Bg5 Nd5 14. dxc5 Nxc5 15. Nxc5 Qxc5 16. Be4 f6 17. Be3 Qc7 18. Nd4 Qd7 19. Qf3 {0-1 (46) MacMillen,A (1833)-Grobler,D (2015) ICCF email 2005}) 13... Bd5 (13... Qd6 $14) 14. Ne5 cxd4 {[#]} 15. Nexf7 $1 {[%mdl 512]} Rf8 {[#]} (15... Bxf7 16. Nxf7) 16. Nh6+ $1 {[%mdl 512]} Kh8 {[#]} (16... Bxh6 $16 {was called for.} 17. Ne6 {[%mdl 64] Double Attack} Qd6) 17. c4 $1 $18 {[%cal Rc4d5]} Bxh6 18. cxd5 {Black must now prevent Ne6.} Bxg5 19. Bxg5 Nxd5 20. Qe4 Qd6 {With the idea ...e5.} 21. Qxd4+ e5 $2 (21... N5f6 22. Qxd6 exd6) 22. Qh4 Nc5 23. Rad1 {And now Bc4 would win.} Nxd3 24. Rxd3 Qb4 25. Rxe5 {Threatens to win with Rd4.} Qxh4 26. Bxh4 Nf4 27. Rd7 {Black did not feel at home in the position after the opening. Accuracy: White = 94%, Black = 53%.} 1-0

[Event "73rd RUS-ch Higher League 2020"]
[Site "Sochi"]
[Date "2020.10.09"]
[Round "2.3"]
[White "Antipov, Mikhail Al."]
[Black "Riazantsev, Alexander"]
[Result "1-0"]
[WhiteElo "2591"]
[BlackElo "2638"]
[Annotator "TA"]
[PlyCount "69"]
[EventDate "2020.10.08"]
[EventType "swiss"]
[EventCountry "RUS"]
[SourceTitle "playchess.com"]
[Source "ChessBase"]
[SourceQuality "1"]

{[%evp 11,69,44,36,24,29,20,29,-14,21,0,6,20,27,0,0,-28,0,0,0,-56,-56,-49,-57,-91,-91,-131,-135,-130,-127,-177,-186,-186,-189,-174,-183,-391,-362,-374,-168,-175,-168,-138,-135,-125,-137,-185,-191,-179,-175,-153,93,97,203,198,802,794,29976,29976,29976,29969]} 1. e4 c5 2. Nf3 d6 3. d4 cxd4 4. Nxd4 Nf6 5. Nc3 Nc6 6. Bg5 Bd7 7. h4 $5 {[%mdl 4] A promising side line. B60: Sicilian: Richter-Rauzer: Unusual Black 6th moves and 6...Bd7 without 7 Qd2.} a6 8. Qd2 e6 {[#]} 9. Be2 $146 {White has an edge.} ({Predecessor:} 9. f3 b5 10. g4 Be7 11. O-O-O b4 12. Nce2 Qb6 13. Be3 Qb7 14. g5 Ng8 15. Nxc6 Bxc6 16. Nd4 a5 17. h5 Bd7 18. Bd3 O-O-O 19. Kb1 Kb8 20. c3 f6 {½-½ (20) Shlakich,A (2182)-Manina,K (1995) St Petersburg 2007}) 9... Be7 10. O-O-O b5 11. a3 Rb8 12. Nxc6 Bxc6 13. Rh3 Qb6 14. Bxf6 gxf6 15. b4 (15. Qe3 $11) 15... Qxf2 $15 16. Kb1 Qa7 ({But not} 16... Qxg2 $6 17. Bxb5 Qxh3 18. Bxc6+ Kd8 19. Qd4 $1 $16 {[%mdl 512]}) 17. Bh5 {[#]} a5 $1 {[%cal Ra5b4]} 18. Nd5 exd5 19. exd5 Bd7 20. Re3 {Threatens to win with Rde1.} Bf5 21. Rde1 Rb7 22. Qf2 {[#]} Be4 $1 {[%mdl 576] And now ...Rc7 would win. Pin} 23. R1e2 $2 (23. g4) (23. Rxe4 Qxf2) 23... f5 $19 {White must now prevent ...axb4.} 24. g4 Qd4 (24... axb4 $142 25. gxf5 Rg8) 25. gxf5 Qd1+ (25... axb4 26. Rxe4 Qxf2 27. Rxf2 $16) 26. Ka2 Qxd5+ {[%mdl 64] Double Attack} 27. Kb1 Qd1+ ({Stronger than} 27... Bxf5 28. Bf3 $16) 28. Ka2 Bd5+ 29. Kb2 Qd4+ {[%mdl 64] Double Attack} 30. c3 Qf6 $2 (30... Qc4 $17 {and life is bright.} 31. f6 {[%mdl 64] Pin} Qa2+ 32. Kc1 Qa1+ 33. Kd2 Qb2+ 34. Kd3 Bc4+ 35. Kd4 Bxe2 36. Qxe2 Qxe2 37. Bxe2 axb4 38. cxb4 Rg8 39. fxe7 Rxe7 40. Bxb5+ Kd8) 31. Bf3 $36 {[%mdl 2048] White is in control.} Bxf3 (31... axb4 $16 {is a better defense.} 32. axb4 Bxf3 33. Qxf3 Ra7) 32. Qxf3 $18 d5 $2 (32... Ra7) 33. Qxd5 Ra7 34. Qxb5+ Kf8 35. Qb8+ {[%mdl 64] Double Attack. Accuracy: White = 67%, Black = 50%.} 1-0

[Event "73rd RUS-ch Higher League 2020"]
[Site "Sochi"]
[Date "2020.10.09"]
[Round "2.4"]
[White "Demchenko, Anton"]
[Black "Goganov, Aleksey"]
[Result "0-1"]
[WhiteElo "2632"]
[BlackElo "2573"]
[Annotator "TA"]
[PlyCount "116"]
[EventDate "2020.10.08"]
[EventType "swiss"]
[EventCountry "RUS"]
[SourceTitle "playchess.com"]
[Source "ChessBase"]
[SourceQuality "1"]

{[%evp 9,115,0,0,4,0,-7,-10,-1,8,2,12,13,9,7,9,17,17,21,10,12,21,16,58,24,25,0,21,0,0,0,0,0,0,0,0,0,0,0,0,0,0,0,0,0,0,0,0,0,0,0,0,0,0,0,5,-44,-64,-47,-37,-166,-182,-162,-22,-11,-11,-10,0,0,0,0,0,0,0,-17,-17,-18,-2,-97,-71,-114,-44,-26,-6,-7,-8,-56,-35,-33,-39,-65,-31,-59,-18,-57,-45,-154,-19,-172,-194,-179,-179,-329,-323,-29995,-29995,-29995,-29996,-29999]} 1. d4 Nf6 2. Nf3 d5 3. Bf4 c5 4. e3 Nc6 5. Nbd2 Qb6 {[%cal Rc5d4]} 6. dxc5 {D02: 1 d4 d5 2 Nf3 sidelines, including 2...Nf6 3 g3 and 2...Nf6 3 Bf4.} Qxb2 7. Rb1 Qc3 8. Bb5 {The position is equal.} g6 9. O-O Bg7 10. Nb3 O-O 11. Bxc6 bxc6 12. Be5 Qc4 13. Qd4 Qa6 {[#]} 14. Rfc1 $146 ({Predecessor:} 14. h3 Ne8 15. Bxg7 Nxg7 16. Qe5 Ne6 17. Qc3 f6 18. Nfd4 Rb8 19. Rfe1 Re8 20. Qa5 Nxd4 21. exd4 {½-½ (26) Boehme,S (2287)-Buzek,J (2402) LSS email 2013}) 14... Bf5 15. Qb2 Rfc8 16. h3 Bd7 17. Qd4 Ne8 18. Bxg7 Nxg7 19. c4 Be6 {[%cal Rd5c4]} 20. cxd5 Bxd5 21. e4 Ne6 22. Qe3 Bxb3 $1 23. axb3 Rd8 24. Ra1 Qb5 25. Rc4 a5 26. Qc3 f6 27. g3 Rab8 28. Nd2 Qb7 29. Rxa5 Qd7 30. Ra2 Ng5 31. h4 Nf7 $1 {With the idea ...Ne5.} 32. Rb4 Rxb4 33. Qxb4 Ne5 34. Qb6 (34. f4 $15 Nd3 35. Qc4+ Kg7 36. Kh2) 34... Qd3 $19 35. b4 {[#]} Kf7 ({Better is} 35... Rd7 $1 $19 36. Qb8+ (36. Ra8+ Kg7 $17) 36... Kg7) 36. b5 $1 $11 cxb5 37. c6 $1 Rd6 38. Qb8 {Hoping for Ra8.} Nxc6 39. Qh8 Qe2 40. Qxh7+ Ke6 41. Qg8+ Kd7 42. Nf1 Qxe4 {Threatens to win with ...Rd1.} 43. Ra1 (43. Ra8 $2 Rd1 $19) (43. Qa8 $1 $11 {keeps the balance.}) 43... f5 44. Ne3 Kc7 ({Black should play} 44... f4 $17 45. gxf4 (45. Ra8 $2 Rd2 $19) 45... Rd2) 45. Rc1 $15 f4 46. gxf4 Qxf4 {And now ...Rd2 would win.} 47. Qa8 {Black must now prevent Nd5+!} (47. Rc5 $5 {[%cal Re3d5]} Qxh4 48. Nd5+ (48. Rxb5 Rd2 $15) 48... Kb7 49. Rxb5+ Ka7 50. Qc8 Qg5+ {[%mdl 64] Double Attack} 51. Kf1 Qc1+ 52. Kg2 Qg5+ {[%mdl 64] Double Attack} 53. Kh2 (53. Kf1 Qc1+ 54. Kg2 Qg5+ {[%mdl 64] Double Attack} 55. Kh2 Qh5+ 56. Kg3 Qg5+ 57. Kh2 Qh5+ 58. Kg3 Qg5+ 59. Kh2 $11) 53... Qh5+ 54. Kg3 Qg5+ 55. Kh2 Qh5+ 56. Kg1 Qg5+ 57. Kh2 $11 (57. Kf1 Qc1+ 58. Kg2 Qg5+ {[%mdl 64] Double Attack} 59. Kh2 $11)) 47... Qd4 48. Qa5+ Qb6 49. Qa2 {Nd5+ is the strong threat.} Kb8 50. Ra1 Qd4 51. Rb1 b4 $36 {[%mdl 2048] Black fights for an advantage.} 52. Qa6 {[#]} (52. Rc1 $15) 52... Qxh4 (52... Qc5 $1 $17 {aiming for ...Rd4.} 53. Qf1 (53. Ra1 $2 Rd4 $19) 53... Nd4) 53. Qb6+ $2 (53. Qb5+ $1 $11 {and White stays safe.} Kc7 54. Rc1) 53... Kc8 $19 54. Rc1 Qe4 55. Rc4 {[#]} (55. Qa6+ {might work better.} Kd7 56. Rc4) 55... Rd1+ $3 {[%mdl 512]} 56. Kh2 $2 (56. Nxd1 $19 Qxc4 57. Ne3) 56... Qh1+ {Black mates.} 57. Kg3 Rg1+ 58. Kf4 e5# {Accuracy: White = 58%, Black = 78%.} 0-1

[Event "73rd RUS-ch Higher League 2020"]
[Site "Sochi"]
[Date "2020.10.09"]
[Round "2.5"]
[White "Goryachkina, Aleksandra"]
[Black "Ponkratov, Pavel"]
[Result "1/2-1/2"]
[WhiteElo "2582"]
[BlackElo "2628"]
[Annotator "TA"]
[PlyCount "122"]
[EventDate "2020.10.08"]
[EventType "swiss"]
[EventCountry "RUS"]
[SourceTitle "playchess.com"]
[Source "ChessBase"]
[SourceQuality "1"]

{[%evp 9,122,49,67,66,79,74,77,54,52,58,60,56,91,88,102,106,147,118,132,126,128,129,125,101,95,50,135,133,119,134,163,150,191,57,64,17,14,18,21,23,13,16,20,20,18,16,25,14,94,92,93,100,92,0,0,0,0,0,0,0,0,-225,-17,-306,-98,-83,0,-113,-93,-100,0,0,0,-12,-12,-18,-18,-17,-18,-58,-45,-65,-65,-65,-65,-62,-62,-65,-65,-67,-61,-61,-61,-69,-69,-69,-60,-71,-71,-71,-66,-69,-69,-71,-8,-8,-8,-8,-8,-8,0,0,0,-4578,-4578]} 1. d4 Nf6 2. Bf4 g6 3. Nc3 Bg7 4. e4 d6 5. Qd2 Nc6 6. O-O-O {B07: Pirc Defence: Miscellaneous Systems.} O-O 7. f3 Bd7 8. Bh6 {White is better.} e5 9. Bxg7 Kxg7 10. Nge2 {[#]} exd4 $146 ({Predecessor:} 10... a6 11. d5 Na5 12. Ng3 b5 13. h4 h5 14. Qg5 Rh8 15. Nf5+ Kf8 16. Ne3 b4 {0-1 (47) Azevedo,E (1923)-Soares,A (2200) Recife 2011}) 11. Nxd4 Qe7 12. g4 Be6 13. h4 Nxd4 14. Qxd4 Kg8 15. Be2 Rad8 16. Qd2 c6 17. g5 Ne8 (17... Nh5 $14) 18. h5 $16 b5 19. f4 b4 20. Na4 d5 21. Qd4 (21. hxg6 $18 fxg6 22. f5 gxf5 23. g6 hxg6 24. Rdg1 (24. Qh6 Qg7 $11)) 21... Nc7 $1 $14 22. Nc5 dxe4 23. Qe5 $40 {[%mdl 128] White attacks.} Rd5 24. Rxd5 cxd5 25. hxg6 fxg6 26. Nxe6 Nxe6 27. Qxd5 Rf5 $1 {[%cal Rf5d5]} 28. Qb3 Kf8 (28... Kh8 $1 $11) 29. Bg4 $16 Nc5 30. Qe3 Rd5 31. f5 (31. Be2 $16) 31... gxf5 $11 {[#]} 32. g6 $1 {[%mdl 512]} hxg6 33. Rh8+ Kg7 34. Qh6+ Kf6 35. Bh5 $2 {[#]} (35. Rh7 $11 {and White has nothing to worry.} Qd6 36. Qg7+ Kg5 37. Qh6+ Kxg4 38. Qh3+ Kf4 39. Qh2+ Kg4 40. Qh3+ Kf4 41. Qh2+ Kg4 42. Qh3+) 35... Ke5 $2 (35... Nd3+ $1 $19 {[%mdl 512]} 36. cxd3 Qc5+ 37. Kb1 Qg1+ 38. Kc2 Qh2+ 39. Kb1 Qg1+ 40. Kc2 Qh2+ 41. Kb1 Qg1+) 36. Qxg6 $2 {[%mdl 8192]} (36. Bxg6 $11 Ne6 37. Qh2+ Kd4 38. Kb1) 36... Rd8 $2 (36... Ne6 $19 {and Black stays clearly on top. Hoping for ...Qh4!} 37. Re8 Qf6 38. Qxf6+ Kxf6) 37. Rh7 $17 Qd6 (37... Qf6 $17 38. Rf7 Qxg6 39. Bxg6 f4 40. Rf5+ Kd4 41. Rxf4 Rh8) 38. Qg3+ (38. Qg7+ $1 $11 {remains equal.} Qf6 39. Qc7+ Kd4 40. Kb1) 38... Kd5 39. Qg5 Ne6 (39... Kc6 $17 40. b3 Ne6 41. Qxf5 Qd2+ 42. Kb2 Qxc2+ $1 {[%mdl 576] Decoy} 43. Kxc2 Nd4+ {[%mdl 64] Double Attack} 44. Kd1 Nxf5+ 45. Ke1 e3 46. Rxa7 Nd4) 40. Qxf5+ $11 Qe5 41. Qxe5+ Kxe5 42. Rxa7 {[%mdl 4096] Endgame KRB-KRN} Nf4 43. Re7+ Kd4 44. Bd1 Rg8 45. c3+ {[%mdl 64] Decoy} bxc3 46. bxc3+ Kxc3 47. Rc7+ $1 Kd4 48. Rd7+ Ke3 {Threatens to win with ...Nd3+.} 49. Bc2 Ne2+ 50. Kb2 Rb8+ 51. Ka1 Nd4 {[%cal Rd4c2]} 52. Bb1 Nb5 53. a4 {[#]} Nc3 $1 {[%csl Gc3][%cal Rb8b1][%mdl 512]} 54. Bc2 Kf2 55. Rf7+ Ke2 {aiming for ...e3.} 56. Rc7 {[#]} Nd5 ({Black should try} 56... Kd2 $1 $17 {[%cal Rd2c2]} 57. Rxc3 {[%mdl 64] Remove Defender} Kxc3 58. Bxe4 Rb4) 57. Rc5 Nf6 58. Rf5 Kd2 59. Bb1 Rb6 {Strongly threatening ...e3.} 60. a5 Rc6 {And now ...e3 would win.} 61. Rxf6 $2 {[%mdl 8192]} (61. Rf2+ $11 Ke3 62. Ra2) 61... Rxf6 {[%mdl 32768] What a fight! Accuracy: White = 77%, Black = 70%. . An unexpected result.} 1/2-1/2

[Event "73rd RUS-ch Higher League 2020"]
[Site "Sochi"]
[Date "2020.10.09"]
[Round "2.6"]
[White "Rozum, Ivan"]
[Black "Khismatullin, Denis"]
[Result "1/2-1/2"]
[WhiteElo "2566"]
[BlackElo "2604"]
[Annotator "ChessBase"]
[PlyCount "94"]
[EventDate "2020.10.08"]
[EventType "swiss"]
[EventCountry "RUS"]
[SourceTitle "playchess.com"]
[Source "ChessBase"]
[SourceQuality "1"]
[TimeControl "40/5400+30:1800+30"]

1. c4 {[%emt 0:00:00]} Nf6 {[%emt 0:08:53]} 2. Nf3 {[%emt 0:01:19]} e6 {[%emt 0:01:43]} 3. g3 {[%emt 0:00:21]} d5 {[%emt 0:01:12]} 4. Bg2 {[%emt 0:01:53]} Be7 {[%emt 0:00:51]} 5. O-O {[%emt 0:00:09]} O-O {[%emt 0:00:06]} 6. b3 {[%emt 0:01:49]} c5 {[%emt 0:04:04]} 7. cxd5 {[%emt 0:05:40]} Nxd5 {[%emt 0:01:20]} 8. Bb2 {[%emt 0:00:07]} b6 {[%emt 0:00:09]} 9. d4 {[%emt 0:02:16]} Bb7 {[%emt 0:01:45]} 10. Re1 {[%emt 0:00:49]} Nc6 {[%emt 0:13:02]} 11. e4 {[%emt 0:04:06]} Nc7 {[%emt 0:02:52]} 12. dxc5 {[%emt 0:04:01]} Bxc5 {[%emt 0:17:21]} 13. a3 {[%emt 0:03:26]} Qxd1 {[%emt 0:08:48]} 14. Rxd1 {[%emt 0:00:06]} Rfd8 {[%emt 0:00:03]} 15. Nbd2 {[%emt 0:11:59]} Nb5 {[%emt 0:07:17]} 16. b4 {[%emt 0:04:24]} Bf8 {[%emt 0:02:32]} 17. Nb3 {[%emt 0:05:59]} Rxd1+ {[%emt 0:03:53]} 18. Rxd1 {[%emt 0:00:17]} Rd8 {[%emt 0:01:24]} 19. Rxd8 {[%emt 0:02:06]} Nxd8 {[%emt 0:00:06]} 20. Nfd2 {[%emt 0:03:24]} f6 {[%emt 0:07:07]} 21. f4 {[%emt 0:03:16]} Kf7 {[%emt 0:00:06]} 22. Kf2 {[%emt 0:01:50]} Nd6 {[%emt 0:03:59]} 23. Bf3 {[%emt 0:05:10]} Ba6 24. e5 {[%emt 0:04:28]} Nc4 {[%emt 0:09:28]} 25. Nxc4 {[%emt 0:01:35]} Bxc4 {[%emt 0:00:03]} 26. Nd2 {[%emt 0:00:09]} Bb5 {[%emt 0:01:03]} 27. exf6 {[%emt 0:04:32]} gxf6 {[%emt 0:00:02]} 28. Ne4 {[%emt 0:00:12]} f5 {[%emt 0:01:38]} 29. Bh5+ {[%emt 0:02:43]} Ke7 {[%emt 0:00:37]} 30. Ng5 {[%emt 0:02:44]} h6 {[%emt 0:02:03]} 31. Nh7 {[%emt 0:00:15]} Nf7 {[%emt 0:00:09]} 32. h3 {[%emt 0:03:11]} Bd3 {[%emt 0:01:36]} 33. Bg6 {[%emt 0:00:56]} a5 {[%emt 0:00:45]} 34. Bd4 {[%emt 0:02:51]} axb4 {[%emt 0:00:07]} 35. axb4 {[%emt 0:01:05]} e5 {[%emt 0:00:36]} 36. Bxb6 {[%emt 0:00:52]} Bg7 {[%emt 0:00:13]} 37. Bc5+ {[%emt 0:02:01]} Nd6 {[%emt 0:00:47]} 38. g4 {[%emt 0:00:47]} Ke6 {[%emt 0:00:45]} 39. Bxd6 {[%emt 0:07:00]} Kxd6 {[%emt 0:00:11]} 40. Bxf5 {[%emt 0:00:00]} Bb5 {[%emt 0:00:00]} 41. fxe5+ {[%emt 0:07:17]} Bxe5 {[%emt 0:03:23]} 42. g5 {[%emt 0:05:09]} Bd4+ {[%emt 0:06:36]} 43. Kf3 {[%emt 0:04:00]} Ke5 {[%emt 0:00:28]} 44. Be4 {[%emt 0:01:08]} hxg5 {[%emt 0:00:30]} 45. Nxg5 {[%emt 0:00:12]} Bc3 {[%emt 0:03:10]} 46. Nf7+ {[%emt 0:01:23]} Ke6 {[%emt 0:00:17]} 47. Nd8+ {[%emt 0:00:20]} Ke5 1/2-1/2

[Event "73rd RUS-ch Higher League 2020"]
[Site "Sochi"]
[Date "2020.10.09"]
[Round "2.7"]
[White "Chigaev, Maksim"]
[Black "Klimentov, Evgeny"]
[Result "1-0"]
[WhiteElo "2598"]
[BlackElo "2222"]
[Annotator "ChessBase"]
[PlyCount "93"]
[EventDate "2020.10.08"]
[EventType "swiss"]
[EventCountry "RUS"]
[SourceTitle "playchess.com"]
[Source "ChessBase"]
[SourceQuality "1"]
[TimeControl "40/5400+30:1800+30"]

1. e4 {[%emt 0:00:00]} c6 {[%emt 0:00:00]} 2. d4 {[%emt 0:00:00]} d5 {[%emt 0:00:01]} 3. exd5 {[%emt 0:00:00]} cxd5 {[%emt 0:00:09]} 4. Bd3 {[%emt 0:00:00]} Nf6 {[%emt 0:00:53]} 5. c3 {[%emt 0:00:07]} Nc6 {[%emt 0:00:22]} 6. Bf4 {[%emt 0:00:11]} Bg4 {[%emt 0:01:22]} 7. Qb3 {[%emt 0:01:15]} Qc8 {[%emt 0:00:56]} 8. Nd2 {[%emt 0:00:11]} e6 {[%emt 0:00:33]} 9. Ngf3 {[%emt 0:00:14]} Be7 {[%emt 0:00:29]} 10. O-O {[%emt 0:00:46]} O-O {[%emt 0:00:15]} 11. Rae1 {[%emt 0:01:24]} Bh5 {[%emt 0:01:34]} 12. Ne5 {[%emt 0:02:30]} Nxe5 {[%emt 0:02:59]} 13. Bxe5 {[%emt 0:04:39]} Bg6 {[%emt 0:02:47]} 14. Bxg6 {[%emt 0:04:28]} hxg6 {[%emt 0:00:10]} 15. h3 {[%emt 0:01:46]} Qc6 {[%emt 0:03:43]} 16. a4 {[%emt 0:01:19]} Rfc8 {[%emt 0:01:15]} 17. Re3 {[%emt 0:09:10]} Nd7 {[%emt 0:06:41]} 18. Nf3 {[%emt 0:03:40]} Nb6 {[%emt 0:03:01]} 19. Ra1 {[%emt 0:00:10]} Nc4 {[%emt 0:00:29]} 20. Re2 {[%emt 0:00:06]} a6 {[%emt 0:10:00]} 21. Qd1 {[%emt 0:07:28]} b5 {[%emt 0:02:33]} 22. Bf4 {[%emt 0:00:07]} Bd6 {[%emt 0:10:23]} 23. Bxd6 {[%emt 0:04:45]} Nxd6 {[%emt 0:01:23]} 24. Ne5 {[%emt 0:03:31]} Qc7 {[%emt 0:01:02]} 25. Nd3 {[%emt 0:02:25]} Ne4 {[%emt 0:03:46]} 26. a5 {[%emt 0:01:36]} Re8 {[%emt 0:02:25]} 27. f3 {[%emt 0:03:11]} Nd6 {[%emt 0:02:04]} 28. Qe1 {[%emt 0:00:40]} Rec8 {[%emt 0:01:46]} 29. Nc5 {[%emt 0:07:14]} Nb7 {[%emt 0:01:48]} 30. b4 {[%emt 0:03:23]} Nxc5 {[%emt 0:03:19]} 31. dxc5 {[%emt 0:00:10]} Re8 {[%emt 0:00:45]} 32. Rd1 {[%emt 0:00:16]} Rad8 {[%emt 0:00:12]} 33. Re5 {[%emt 0:00:28]} Qc6 {[%emt 0:02:24]} 34. f4 {[%emt 0:00:41]} f6 {[%emt 0:00:24]} 35. Re3 {[%emt 0:00:06]} Kf7 {[%emt 0:00:14]} 36. Qg3 {[%emt 0:01:16]} Re7 {[%emt 0:05:53]} 37. Qg4 {[%emt 0:01:01]} e5 {[%emt 0:04:00]} 38. fxe5 {[%emt 0:05:44]} fxe5 {[%emt 0:00:51]} 39. Qh4 {[%emt 0:00:36]} Rde8 {[%emt 0:03:33]} 40. Qh7 {[%emt 0:00:00]} Rf8 {[%emt 0:00:00]} 41. Rf3+ {[%emt 0:03:10]} Ke8 {[%emt 0:03:09]} 42. Rxf8+ {[%emt 0:00:07]} Kxf8 {[%emt 0:00:06]} 43. Qh8+ {[%emt 0:00:10]} Kf7 {[%emt 0:00:07]} 44. Rf1+ {[%emt 0:00:56]} Ke6 {[%emt 0:00:07]} 45. Qg8+ {[%emt 0:00:20]} Kd7 {[%emt 0:00:06]} 46. Rd1 {[%emt 0:01:45]} Kc7 {[%emt 0:03:34]} 47. Qxd5 {[%emt 0:00:16]} 1-0

[Event "73rd RUS-ch Higher League 2020"]
[Site "Sochi"]
[Date "2020.10.09"]
[Round "2.8"]
[White "Samusenko, Maksim"]
[Black "Sakaev, Konstantin"]
[Result "1/2-1/2"]
[WhiteElo "2459"]
[BlackElo "2596"]
[Annotator "ChessBase"]
[PlyCount "90"]
[EventDate "2020.10.08"]
[EventType "swiss"]
[EventCountry "RUS"]
[SourceTitle "playchess.com"]
[Source "ChessBase"]
[SourceQuality "1"]
[TimeControl "40/5400+30:1800+30"]

1. e4 {[%emt 0:00:00]} c5 {[%emt 0:00:00]} 2. Nc3 {[%emt 0:00:27]} d6 {[%emt 0:00:23]} 3. d4 {[%emt 0:00:26]} cxd4 {[%emt 0:00:11]} 4. Qxd4 {[%emt 0:00:10]} Nc6 {[%emt 0:00:09]} 5. Qd2 {[%emt 0:00:22]} Nf6 {[%emt 0:00:51]} 6. b3 {[%emt 0:01:06]} a6 {[%emt 0:01:56]} 7. Bb2 {[%emt 0:00:59]} e6 {[%emt 0:00:20]} 8. O-O-O {[%emt 0:01:04]} Be7 {[%emt 0:01:37]} 9. Kb1 {[%emt 0:08:10]} b5 {[%emt 0:02:53]} 10. g4 {[%emt 0:02:24]} b4 {[%emt 0:10:47]} 11. Na4 {[%emt 0:10:39]} e5 {[%emt 0:15:02]} 12. h3 {[%emt 0:08:07]} Bb7 {[%emt 0:07:53]} 13. Bg2 {[%emt 0:11:38]} Nd7 {[%emt 0:14:53]} 14. f4 {[%emt 0:07:06]} Qc7 {[%emt 0:11:52]} 15. Nf3 {[%emt 0:08:17]} a5 {[%emt 0:04:34]} 16. g5 {[%emt 0:12:58]} O-O-O {[%emt 0:10:43]} 17. fxe5 {[%emt 0:06:42]} dxe5 {[%emt 0:01:23]} 18. Qe3 {[%emt 0:00:28]} Kb8 {[%emt 0:00:45]} 19. h4 {[%emt 0:00:55]} h6 {[%emt 0:01:51]} 20. Rhe1 {[%emt 0:07:43]} hxg5 {[%emt 0:01:44]} 21. hxg5 {[%emt 0:00:07]} f6 {[%emt 0:00:45]} 22. Bf1 {[%emt 0:01:48]} Na7 {[%emt 0:00:44]} 23. gxf6 {[%emt 0:00:33]} gxf6 {[%emt 0:00:06]} 24. c3 {[%emt 0:01:08]} Nc5 {[%emt 0:00:18]} 25. Rxd8+ {[%emt 0:02:56]} Rxd8 {[%emt 0:00:08]} 26. cxb4 {[%emt 0:00:42]} Nxa4 {[%emt 0:02:11]} 27. bxa4 {[%emt 0:00:04]} axb4 {[%emt 0:00:54]} 28. Rc1 {[%emt 0:01:56]} Qa5 {[%emt 0:01:05]} 29. Nd2 {[%emt 0:01:03]} Qxa4 {[%emt 0:00:42]} 30. Nb3 {[%emt 0:00:36]} Rc8 {[%emt 0:01:04]} 31. Rxc8+ {[%emt 0:01:36]} Nxc8 {[%emt 0:00:20]} 32. Bd3 {[%emt 0:00:41]} Ba6 {[%emt 0:02:30]} 33. Qe2 {[%emt 0:01:39]} Bxd3+ {[%emt 0:00:50]} 34. Qxd3 {[%emt 0:00:02]} Qc6 {[%emt 0:00:49]} 35. Na5 {[%emt 0:00:31]} Qa8 {[%emt 0:02:34]} 36. Nc4 {[%emt 0:00:48]} Qc6 {[%emt 0:00:43]} 37. Na5 {[%emt 0:00:08]} Qa8 {[%emt 0:00:10]} 38. Nc4 {[%emt 0:00:11]} Kc7 {[%emt 0:02:27]} 39. Bc1 {[%emt 0:02:04]} Nd6 {[%emt 0:00:44]} 40. Nxd6 {[%emt 0:00:00]} Bxd6 {[%emt 0:00:00]} 41. Bd2 {[%emt 0:04:26]} Qg8 {[%emt 0:03:14]} 42. Qc2+ {[%emt 0:05:13]} Kb7 {[%emt 0:05:40]} 43. Qd3 {[%emt 0:00:31]} Kc7 {[%emt 0:01:25]} 44. Qc2+ {[%emt 0:00:08]} Kb7 {[%emt 0:00:06]} 45. Qd3 {[%emt 0:00:06]} Kc7 {[%emt 0:00:05]} 1/2-1/2

[Event "73rd RUS-ch Higher League 2020"]
[Site "Sochi"]
[Date "2020.10.09"]
[Round "2.9"]
[White "Gaifullin, Artur"]
[Black "Artemiev, Vladislav"]
[Result "0-1"]
[WhiteElo "2440"]
[BlackElo "2716"]
[Annotator "TA"]
[PlyCount "84"]
[EventDate "2020.10.08"]
[EventType "swiss"]
[EventCountry "RUS"]
[SourceTitle "playchess.com"]
[Source "ChessBase"]
[SourceQuality "1"]

{[%evp 10,84,32,-3,20,3,20,6,9,7,15,12,19,0,0,0,0,0,0,-10,-19,-33,-28,-56,-40,-82,-43,-10,0,0,0,-54,0,0,0,0,0,-16,0,-33,0,-18,0,-31,-30,-78,-72,-83,-80,-92,-22,-20,-21,-36,-33,-28,-37,-37,-21,-30,0,0,0,-477,-477,-458,-444,-444,-439,-407,-396,-1093,-5189,-804,-540,-526,-518]} 1. d4 d5 2. c4 c6 3. Nf3 Nf6 4. Nc3 e6 5. e3 Nbd7 6. b3 b6 {D45: Semi-Slav: 5 e3.} 7. Bb2 Bb7 8. Bd3 Bd6 {The position is equal.} 9. O-O O-O 10. Qe2 Qe7 11. e4 dxe4 12. Nxe4 Nxe4 13. Qxe4 {[%csl Gd3][%cal Re4h7] [#]} f5 14. Qe2 c5 15. Rfe1 Rae8 $1 16. Ne5 cxd4 17. Bxd4 {[#]} Qh4 $146 ({Predecessor:} 17... Nc5 18. Bc2 Rd8 19. Rad1 Ne4 20. f3 Bxe5 21. Bxe5 Qc5+ 22. Qe3 Rxd1 23. Bxd1 Qxe5 24. fxe4 Qxe4 {0-1 (63) Mezentsev,I (2354)-Grachev,B (2612) chess.com INT 2020}) 18. Qb2 $1 Nf6 19. Rad1 Rd8 $40 {[%mdl 128] Black has some attack.} 20. Bf1 (20. b4 $11) 20... Ne4 ({Black should try} 20... Ng4 $1 $15 21. h3 Bb4) 21. g3 $11 Qe7 {Hoping for ...Bxe5.} 22. Bg2 $1 Ba3 23. Qa1 Rd6 24. Bxe4 Bxe4 25. Bb2 Bc5 26. Rxd6 (26. Bd4 $5 {[%cal Rd4c5]}) 26... Bxd6 ({Much weaker is} 26... Qxd6 $6 27. Rd1 $16) 27. f3 Ba8 28. Qd1 f4 29. g4 Rd8 (29... Bb4 $17 30. Re2 Bb7) 30. Qe2 Bc5+ 31. Kg2 h5 {Strongly threatening ...Qg5.} 32. Bc3 Qh4 {White must now prevent ...hxg4.} 33. gxh5 Qxh5 34. Rd1 Bd6 35. b4 Qg5+ 36. Kh1 $2 {[%mdl 8192] [#]} (36. Kf1 $11 {and White has nothing to worry.}) 36... Bxe5 $1 $19 37. Rxd8+ Qxd8 38. Bxe5 Qg5 {And now ...Qg4! would win.} 39. Qd3 Bb7 (39... Qxe5 $2 40. Qd8+ Kh7 41. Qxa8 $19) 40. Bc7 $2 (40. Bxg7 Qxg7 41. Qd8+ Kf7 42. Qc7+ Kg6 43. Qxf4) 40... Qg4 {Black is clearly winning.} 41. Qd8+ Kh7 {[%cal Rb7f3]} 42. Qd3+ Kh6 {Accuracy: White = 74%, Black = 80%.} 0-1